[Event "Pristina Nderkombetar op"]
[Site "Pristina"]
[Date "2022.06.20"]
[Round "6"]
[White "Fonda, Ekrem"]
[Black "Aliu, Besnik"]
[Result "0-1"]
[WhiteElo "1744"]
[BlackElo "1930"]
[PlyCount "78"]
[EventDate "2022.06.17"]
[EventType "swiss"]
[EventRounds "9"]
[EventCountry "KOS"]
[SourceTitle "CBM 209 Extra"]
[Source "ChessBase"]
[SourceDate "2022.09.30"]
[SourceVersion "1"]
[SourceVersionDate "2022.09.30"]
[SourceQuality "1"]

1. e4 Nf6 2. Nc3 e6 3. a3 d5 4. exd5 exd5 5. d4 Bf5 6. Bd3 Qd7 7. Nf3 Nc6 8. Bf4 Qe6+ 9. Be2 Bd6 10. Bxd6 Qxd6 11. Qd2 Ne4 12. Nxe4 dxe4 13. Nh4 Nxd4 14. Rd1 0-0-0 15. c3 Qf6 16. cxd4 Qxh4 17. Qa5 Bg4 18. g3 Qh3 19. Bxg4+ Qxg4 20. Qxa7 e3 21. fxe3 Qe4 22. Kd2 Rhe8 23. Rhe1 Re6 24. Rc1 Rdd6 25. Qc5 c6 26. b4 Kd7 27. Qa7 Kc8 28. b5 Qd5 29. Qa8+ Kc7 30. b6+ Kd7 31. Qxb7+ Ke8 32. Qa8+ Rd8 33. Qa4 Ke7 34. Qb4+ Kf6 35. Rf1+ Kg6 36. Rf4 Qg2+ 37. Kd3 Rxe3+ 38. Kxe3 Re8+ 39. Kd3 Qe2+ 0-1

[Event "Pristina Nderkombetar op"]
[Site "Pristina"]
[Date "2022.06.19"]
[Round "4"]
[White "Fonda, Ekrem"]
[Black "Hoxha, Abdyl"]
[Result "0-1"]
[WhiteElo "1744"]
[BlackElo "2086"]
[PlyCount "102"]
[EventDate "2022.06.17"]
[EventType "swiss"]
[EventRounds "9"]
[EventCountry "KOS"]
[SourceTitle "CBM 209 Extra"]
[Source "ChessBase"]
[SourceDate "2022.09.30"]
[SourceVersion "1"]
[SourceVersionDate "2022.09.30"]
[SourceQuality "1"]

1. e4 e6 2. d4 d5 3. Nc3 Nf6 4. e5 Nfd7 5. Be3 c5 6. Nf3 a6 7. Ne2 cxd4 8. Nexd4 Nc6 9. Nxc6 bxc6 10. Bd3 Qc7 11. Bf4 Rb8 12. 0-0 Rxb2 13. Qe2 Nc5 14. Nd4 Nxd3 15. Qxd3 Rb6 16. Rfd1 h6 17. c4 c5 18. cxd5 cxd4 19. d6 Qb8 20. Qxd4 Bd7 21. Rac1 g5 22. Be3 Rb5 23. Qe4 Bg7 24. Rc7 Bxe5 25. Bc5 Rxc5 26. Rxc5 Bxd6 27. Rc3 Ke7 28. Rcd3 Rc8 29. Qd4 Rc6 30. Qg7 Qb5 31. Rf3 Bf4 32. g3 Qf5 33. Qd4 Rd6 34. Qb4 Qb5 35. Qa3 Qa4 36. Rxd6 Bxd6 37. Qc3 e5 38. Rd3 Qxa2 39. Qe1 Qe6 40. Qd2 Bb5 41. Rc3 Kf6 42. h3 e4 43. h4 Bd3 44. Rc6 Qe5 45. f4 gxf4 46. gxf4 Qd4+ 47. Kh2 Kf5 48. Qd1 Bxf4+ 49. Kh1 Bd6 50. Qh5+ Ke6 51. Qxh6+ Kd7 0-1